Travels into the poor man's country : the work of Henry Mayhew /

Bibliographic Details
Main Author: Humpherys, Anne
Format: Book
Language:English
Published: Athens : University of Georgia Press, [1977]
Subjects:

MARC

Tag First Indicator Second Indicator Subfields
LEADER 00000cam a2200000 i 4500
001 in00000366552
005 20151011081107.0
008 780201s1977 gr a b 00110beng
010 |a  76015346  
020 |a 0820304166 :  |c $12.50 
035 |a (OCoLC)03575005 
035 |9 ABP9019AM 
040 |a DLC  |c DLC  |d TXA  |d UtOrBLW 
043 |a e-uk-en 
049 |a TXAM  |c [1437400] 
050 0 0 |a PR4989.M48  |b Z69 
082 0 |a 808  |a B 
100 1 |a Humpherys, Anne. 
245 1 0 |a Travels into the poor man's country :  |b the work of Henry Mayhew /  |c Anne Humpherys. 
264 1 |a Athens :  |b University of Georgia Press,  |c [1977] 
264 4 |c ©1977 
300 |a xiv, 240 pages :  |b illustrations ;  |c 24 cm. 
336 |a text  |b txt  |2 rdacontent 
337 |a unmediated  |b n  |2 rdamedia 
338 |a volume  |b nc  |2 rdacarrier 
500 |a Includes index. 
504 |a Bibliography: pages [227]-232. 
600 1 0 |a Mayhew, Henry,  |d 1812-1887. 
650 0 |a Authors, English  |y 19th century  |v Biography. 
650 0 |a Sociologists  |z Great Britain  |x Biography. 
999 |a MARS 
999 f f |s f60393eb-08a5-39b3-bb10-ad5098dcfd36  |i 47b7cb37-c140-3d82-8036-98f6e71164c8  |t 0 
952 f f |p normal  |a Texas A&M University  |b College Station  |c Sterling C. Evans Library  |d Evans: Library Stacks  |t 0  |e PR4989.M48 Z69  |h Library of Congress classification  |i unmediated -- volume  |m A14803966480 
998 f f |a PR4989.M48 Z69  |t 0  |l Evans: Library Stacks